Technické výkresy. STN 01 3130. ISO 129 : Kótovanie. Všeobecné zásady, definície, spôsoby vykonania a zvláštne označenia. December 1996

Gespeichert in:
Bibliographische Detailangaben
Format: Buch
Sprache:Slowakisch
Veröffentlicht: Bratislava : Slovenský ústav technickej normalizácie, 1996
Schlagworte:
Tags: Tag hinzufügen
Keine Tags, Fügen Sie das erste Tag hinzu!

MARC

LEADER 00000nam a22000003a 4500
001 stu81170
005 20150408161629.0
008 030624s1996----xo------------------slo-d
040 |a STU  |b slo 
041 0 |a slo 
044 |a xo 
080 |a 744.4 
245 |a Technické výkresy. STN 01 3130. ISO 129 :  |b Kótovanie. Všeobecné zásady, definície, spôsoby vykonania a zvláštne označenia. December 1996 
260 |a Bratislava :  |b Slovenský ústav technickej normalizácie,  |c 1996 
300 |a 24 s 
650 7 |a výkresy technické  |2 stusub 
996 |b 284M056798  |c M*N-459-1  |l MMST  |s P  |a 0  |w stu81170_0001